000 00617nam a2200193Ia 4500
003 IN-BaIIA
008 211028s9999 xx 000 0 eng d
040 _cIIA Library
080 _a533.5
_bYAR
100 _aYarwood, J.
_92393
245 0 _aHigh vacuum technique
_btheory, practice, industrial applications and properties of materials
_cJ. Yarwood
250 _a2nd ed.
260 _aLondon
_bChapman and Hall
_c1948
300 _aviii, 140p.
650 _aHigh vacuum technique
_92394
650 _aNASA Thesaurus
650 _aVacuum physics
_92238
942 _cBK
999 _c1137
_d1137